Communes de la Province de Namur (Belgique) - Statistiques

Statistiques générales
  • Ce quiz a été pris 1 452 fois
  • Le résultat moyen est 19 sur 38
Réponses sur la Carte
Les réponses sont colorées sur une échelle allant du rouge au vert en fonction du pourcentage des utilisateurs qui les ont devinées à leur premier essai. Vous pouvez retrouver ces pourcentages ci-dessous.
 
Statistiques - réponses
Réponse % Correct
Namur
97%
Dinant
86%
Gembloux
69%
Ciney
68%
Andenne
67%
Philippeville
67%
Couvin
64%
Sambreville
60%
Beauraing
59%
Eghezée
59%
Rochefort
58%
Profondeville
56%
Floreffe
55%
Yvoir
55%
Florennes
49%
Mettet
49%
Gedinne
48%
Jemeppe-sur-Sambre
47%
Sombreffe
47%
Anhée
45%
Assesse
45%
Walcourt
45%
Hastière
44%
Onhaye
44%
Viroinval
44%
Gesves
43%
La Bruyère
43%
Vresse-sur-Semois
42%
Cerfontaine
41%
Doische
40%
Fernelmont
40%
Ohey
40%
Bièvre
39%
Fosses-la-ville
39%
Hamois
37%
Houyet
37%
Havelange
35%
Somme-Leuze
33%
Aucun quiz correspondant
Distribution des résultats
% des personnes avec chaque résultat
Percentile par nombre de réponses
Votre historique - résultats
Vous n’avez pas pris ce quiz